000 00616nam a2200229Ia 4500
008 160418s9999 xx 000 0 und d
020 _a971-27-1408-X
050 _aFIL PL 5539
050 _b.S26 2004 c.2
100 _aSan Juan E., Jr.
245 _aBulosan :
245 _ban introduction with selections /
245 _cE. San Juan, Jr.
260 _aManila :
260 _bAnvil Pub. Inc.,
260 _c2004
300 _a156 pages :
300 _billustrations ;
300 _c22 cm.
650 _aFilipino Americans -- Literary collections.
650 _xPhilippines -- Literary collections.
999 _c293616
_d293616